Statistics for Types of Engineering

Click here to take the quiz!

General Stats

  • This quiz has been taken 16 times
  • The average score is 6 of 10

Answer Stats

HintEngineering% Correct
a professional engineering discipline that deals with the design, construction, and maintenance of the physical and naturally built environmentCivil
100%
combines engineering physics and mathematics principles with manufacturing systemsMechanical
85%
concerned with the application of breaking down atomic nucleiNuclear
77%
a branch of engineering which deals with the study of design and operation of ________ plants as well as methods of improving productionChemical
69%
discipline concerning studies, designing and applying equipment devices to systemsElectrical
69%
the application of engineering principles and design concepts to medicine and biology for healthcare purposesBiomedical
62%
the primary field of engineering concerned with the development of aircraft and spacecraftAerospace
54%
concerned with the optimisation of complex processesIndustrial
54%
job type that is a professional engineering disciplineEnvironmental
38%
a branch of engineering that integrates several fields of ________ scienceComputing
8%

Score Distribution

Percentile by Number Answered

Percent of People with Each Score

Your Score History

You have not taken this quiz